000 00808cam a22002291 4500
001 84223
003 BD-RjUL
005 20241103155946.0
008 890720s1966 pk 000 0 urdr
035 _a(84223)
040 _aDLC
_cWaU
_dDLC
_beng
041 _aengurd
082 _223
_a954.0088297
_bAHT 1966
100 1 _aAhmed, Chaudhary Habib, احمد، چودھرى حبىب،,
_d1934-
_914074
245 1 0 _aتحرىک پاکستان ارو نىشنلسٹ علماء / Taḥrīk-i Pākistān aur naishnalisṭ ʻulamāʻ /
_cچودھرى حبىب احمد., - /, Chaudhary Habib Ahmed
260 _c[1966]
_a البىان،, Lāhaur,:
_b البىان،, / al-Bayān,
300 _a21, 1039 p.
_c23 cm.
500 _aIn Urdu.
650 0 _aMuslims
_zIndia.
651 0 _aPakistan.
942 _2ddc
_cBK
999 _c84223
_d84223